Islam & akal / (Record no. 716)

000 -LEADER
fixed length control field nam a22 a 4500
003 - CONTROL NUMBER IDENTIFIER
control field AKMAL
005 - DATE AND TIME OF LATEST TRANSACTION
control field 20170505083920.0
008 - FIXED-LENGTH DATA ELEMENTS--GENERAL INFORMATION
fixed length control field 170505s19952000my | e | a001 1 may d
020 ## - INTERNATIONAL STANDARD BOOK NUMBER
International Standard Book Number 9836246045 (kkt.) :
Terms of availability RM 18.00
040 ## - CATALOGING SOURCE
Original cataloging agency AKMAL
082 04 - DEWEY DECIMAL CLASSIFICATION NUMBER
Classification number 297.01 MAH
Edition number 22
090 10 - LOCALLY ASSIGNED LC-TYPE CALL NUMBER (OCLC); LOCAL CALL NUMBER (RLIN)
Classification number (OCLC) (R) ; Classification number, CALL (RLIN) (NR) 297.01
Local cutter number (OCLC) ; Book number/undivided call number, CALL (RLIN) MAH
100 1# - MAIN ENTRY--PERSONAL NAME
Personal name Mahmud, 'Abd al-Halim,
Dates associated with a name 1910-1978
9 (RLIN) 1535
245 10 - TITLE STATEMENT
Title Islam & akal /
Statement of responsibility, etc. Al-Sheikh Abdul Halim Mahmud ; penterjemah Mohd Fakhrudin Abd Mukti
260 ## - PUBLICATION, DISTRIBUTION, ETC.
Place of publication, distribution, etc. Kuala Lumpur :
Name of publisher, distributor, etc. Dewan Bahasa dan Pustaka,
Date of publication, distribution, etc. 1995, 2000
300 ## - PHYSICAL DESCRIPTION
Extent xiv, 283ms. :
Dimensions 22cm.
500 ## - GENERAL NOTE
General note Mengandungi indeks
650 10 - SUBJECT ADDED ENTRY--TOPICAL TERM
Topical term or geographic name entry element Islam and philosophy
9 (RLIN) 875
650 20 - SUBJECT ADDED ENTRY--TOPICAL TERM
Topical term or geographic name entry element Islam and reason
9 (RLIN) 1536
650 20 - SUBJECT ADDED ENTRY--TOPICAL TERM
Topical term or geographic name entry element Islam
General subdivision Doctrines
9 (RLIN) 894
942 ## - ADDED ENTRY ELEMENTS (KOHA)
Source of classification or shelving scheme
Koha item type Book
Holdings
Withdrawn status Lost status Source of classification or shelving scheme Damaged status Not for loan Collection code Home library Current library Shelving location Date acquired Inventory number Total Checkouts Full call number Barcode Date last seen Price effective from Koha item type
          NON-FICTION AKMAL Melaka AKMAL Melaka PINJAMAN 05.05.2017 200253   297.01 MAH 201701721 05.05.2017 05.05.2017 Book
          NON-FICTION AKMAL Melaka AKMAL Melaka PINJAMAN 05.05.2017 200252   297.01 MAH 201701722 05.05.2017 05.05.2017 Book
Pusat Sumber Maklumat Dato' Haji Sarmin Md Hussin, Akademi Kastam Diraja Malaysia, Melaka
Tel: 06-2331106 | Faks: 06-2313787